Bệnh truyền nhiễm gia cầm
Quyển sách bao gồm 2 phần với 356 trang; giới thiệu 30 bệnh truyền nhiễm quan trọng thường xảy ra ở các loài gia cầm nuôi.
Spremljeno u:
| Glavni autor: | |
|---|---|
| Format: | Knjiga |
| Jezik: | Undetermined |
| Izdano: |
Cần Thơ
Đại học Cần Thơ
2017
|
| Teme: | |
| Oznake: |
Dodaj oznaku
Bez oznaka, Budi prvi tko označuje ovaj zapis!
|
| Thư viện lưu trữ: | Trung tâm Học liệu Trường Đại học Cần Thơ |
|---|
| LEADER | 00767nam a2200205Ia 4500 | ||
|---|---|---|---|
| 001 | CTU_229659 | ||
| 008 | 210402s9999 xx 000 0 und d | ||
| 082 | |a 636.5089 | ||
| 082 | |b H305 | ||
| 100 | |a Nguyễn, Đức Hiền | ||
| 245 | 0 | |a Bệnh truyền nhiễm gia cầm | |
| 245 | 0 | |c Nguyễn Đức Hiền | |
| 260 | |a Cần Thơ | ||
| 260 | |b Đại học Cần Thơ | ||
| 260 | |c 2017 | ||
| 520 | |a Quyển sách bao gồm 2 phần với 356 trang; giới thiệu 30 bệnh truyền nhiễm quan trọng thường xảy ra ở các loài gia cầm nuôi. | ||
| 650 | |a Gia cầm,Poultry | ||
| 650 | |x Bệnh,Diseases | ||
| 910 | |b nthai | ||
| 980 | |a Trung tâm Học liệu Trường Đại học Cần Thơ | ||